| 000 -LEADER |
| fixed length control field |
00474nam a22001697a 4500 |
| 008 - FIXED-LENGTH DATA ELEMENTS--GENERAL INFORMATION |
| fixed length control field |
131126b xxu||||| |||| 00| 0 bos d |
| 041 0# - LANGUAGE CODE |
| Language code of text/sound track or separate title |
bos |
| 080 ## - UNIVERSAL DECIMAL CLASSIFICATION NUMBER |
| Universal Decimal Classification number |
347 |
| Common auxiliary subdivision |
(497) |
| 100 1# - Rafti |
| Rafti |
Asllani, Neshad |
| 245 1# - TITLE STATEMENT |
| Title |
Kosovski koraci u edukaciji o ljudskim pravima / |
| Statement of responsibility, etc |
Neshad Asllani |
| 260 ## - |
| -- |
Pejë : |
| -- |
KCLJP ; |
| -- |
Dukagjini ; |
| -- |
2003. |
| 300 ## - |
| -- |
186 f. : |
| -- |
24 cm. |
| 650 #0 - |
| -- |
E drejta civile |
| 650 #0 - |
| -- |
Të drejtat e njeriut |
| 700 2# - |
| -- |
Honkala, Satu |
| 942 ## - ADDED ENTRY ELEMENTS (KOHA) |
| Source of classification or shelving scheme |
|
| Item type |
Books |